English football club locations - Statistics

General Stats
  • This quiz has been taken 36 times
    15 since last reset
  • The average score is 6 of 13
Answer Stats
Hint Answer % Correct
Old Trafford Manchester United
100%
Fulham (other than Fulham) Chelsea
86%
Selhurst Crystal Palace
86%
Islington Arsenal
50%
Shepherd's Bush Queen's Park Rangers
50%
Stratford West Ham United
50%
Cleethorpes Grimsby Town
43%
Bermondsey Millwall
36%
Burslem Port Vale
36%
West Bridgford Nottingham Forest
29%
Merton Wimbledon
29%
Harrow Barnet
14%
Vauxhall Everton
0%
No matching quizzes found
Score Distribution
Percent of People with Each Score
Percentile by Number Answered
Your Score History
You have not taken this quiz since the last reset